Svet v roku 2050

Vývoj pozemskej civilizácie. Britské a americké prognózy vývoja. Nastupujúce technológie - pomoc i hrozba. Neustály nárast seniorov, predlžovanie ľudského života. Rastúca diverzita.

Salvato in:
Dettagli Bibliografici
Autore principale: Hudcovič, Stanislav
Natura: Capitolo di libro
Lingua:slovacco
Soggetti:
Tags: Aggiungi Tag
Nessun Tag, puoi essere il primo ad aggiungerne!!

MARC

LEADER 00000naa$a2200000$$$4500
001 0055807
005 20231114072341.8
041 0 |a slo 
044 |a SK 
245 1 0 |a Svet v roku 2050  |c Stanislav Hudcovič 
520 |a Vývoj pozemskej civilizácie. Britské a americké prognózy vývoja. Nastupujúce technológie - pomoc i hrozba. Neustály nárast seniorov, predlžovanie ľudského života. Rastúca diverzita. 
610 2 0 |a prognózy 
610 2 0 |a civilizácia 
610 2 0 |a inovácia 
610 2 0 |a vývoj 
610 2 0 |a starnutie populácie 
610 2 0 |a zdroje energetické 
610 2 0 |a diverzifikácia 
100 1 |a Hudcovič, Stanislav